Handbook of mathematical economics

Salvato in:
Dettagli Bibliografici
Altri autori: Arrow, Kenneth J.
Natura: Libro
Lingua:inglese
Pubblicazione: Amsterdam North-Holland Pub. Co. 1986
Tags: Aggiungi Tag
Nessun Tag, puoi essere il primo ad aggiungerne!!

MARC

LEADER 00000nam a2200000 4500
001 c104215
005 20220118132247.1
041 0 |a eng 
044 |a NL 
245 1 0 |a Handbook of mathematical economics  |c Edited by Kenneth J. Arrow 
264 1 |a Amsterdam  |b North-Holland Pub. Co.  |c 1986 
300 |a S.1074-1519 
700 1 |a Arrow, Kenneth J.